[Event "VL 2017/18"]
[Site "Mecklenburg-Vorpommern"]
[Date "2018.02.25"]
[Round "6.4"]
[White "Bahr, Enrico"]
[Black "Ivanov, Sergey"]
[Result "1-0"]
[WhiteElo "1861"]
[BlackElo "1833"]
[PlyCount "55"]
[EventDate "2017.??.??"]
[EventType "team-tourn"]
[EventRounds "9"]
[SourceDate "2017.10.08"]
[WhiteTeam "ASV Wismar"]
[BlackTeam "HSG Uni Rostock"]

1. d4 e6 2. Nf3 f5 3. Bg5 Nf6 4. e3 b6 5. Nbd2 Bb7 6. Bc4 Be7 7. c3 O-O 8. Qe2
Ne4 9. Bxe7 Qxe7 10. O-O-O d5 11. Bd3 Nxd2 12. Nxd2 Nd7 13. f3 c5 14. Rhe1 e5
15. Ba6 Bc6 16. Bb5 Rfc8 17. Kb1 c4 18. Bxc6 Rxc6 19. e4 dxe4 20. d5 exf3 21.
Qxf3 Rcc8 22. Qxf5 b5 23. Nf3 Rf8 24. Qe6+ Qxe6 25. dxe6 Nc5 26. Rxe5 Rac8 27.
e7 Rfe8 28. Rd8 1-0

[Event "VL 2017/18"]
[Site "Mecklenburg-Vorpommern"]
[Date "2018.02.25"]
[Round "6.5"]
[White "Schwetlick, Thomas"]
[Black "Schulz, Bernd"]
[Result "1/2-1/2"]
[WhiteElo "1815"]
[BlackElo "1851"]
[PlyCount "27"]
[EventDate "2017.??.??"]
[EventType "team-tourn"]
[EventRounds "9"]
[SourceDate "2017.10.08"]
[WhiteTeam "HSG Uni Rostock"]
[BlackTeam "ASV Wismar"]

1. Nf3 Nf6 2. g3 g6 3. Bg2 Bg7 4. O-O O-O 5. d4 d5 6. c4 c6 7. cxd5 cxd5 8. Nc3
Nc6 9. a3 Ne4 10. e3 Bg4 11. h3 Nxc3 12. bxc3 Bf5 13. Nh4 Bc8 14. f4 1/2-1/2

[Event "VL 2017/18"]
[Site "Mecklenburg-Vorpommern"]
[Date "2018.02.25"]
[Round "6.6"]
[White "Podolskiy, Alexander"]
[Black "Sager, Bernd"]
[Result "1/2-1/2"]
[WhiteElo "1847"]
[BlackElo "1818"]
[PlyCount "50"]
[EventDate "2017.??.??"]
[EventType "team-tourn"]
[EventRounds "9"]
[SourceDate "2017.10.08"]
[WhiteTeam "ASV Wismar"]
[BlackTeam "HSG Uni Rostock"]

1. e4 c5 2. Nf3 e6 3. d4 cxd4 4. Nxd4 a6 5. Be3 Qc7 6. Nd2 Nf6 7. Be2 b5 8. f4
Bb7 9. Bf3 Bc5 10. c3 O-O 11. Qe2 d6 12. Nc2 Nbd7 13. O-O Rac8 14. g4 d5 15. e5
Ne4 16. Bd4 Nxd2 17. Qxd2 Be7 18. Qe3 Nc5 19. Ne1 Na4 20. Nd3 Nc5 21. Nxc5 Bxc5
22. Bxc5 Qxc5 23. Qxc5 Rxc5 24. a3 g6 25. Rad1 Rd8 1/2-1/2

[Event "VL 2017/18"]
[Site "Mecklenburg-Vorpommern"]
[Date "2018.02.25"]
[Round "6.7"]
[White "Schroeder, Christian"]
[Black "Borchert, Ulf"]
[Result "1-0"]
[WhiteElo "1741"]
[BlackElo "1833"]
[PlyCount "101"]
[EventDate "2017.??.??"]
[EventType "team-tourn"]
[EventRounds "9"]
[SourceDate "2017.10.08"]
[WhiteTeam "HSG Uni Rostock"]
[BlackTeam "ASV Wismar"]

1. Nf3 d5 2. d4 Bf5 3. Bf4 e6 4. e3 Bd6 5. Bxd6 Qxd6 6. Bd3 Bxd3 7. Qxd3 Qb4+
8. Nbd2 Nd7 9. O-O Ngf6 10. c3 Qd6 11. c4 O-O 12. c5 Qe7 13. b4 c6 14. b5 e5
15. dxe5 Nxe5 16. Nxe5 Qxe5 17. a4 Rfd8 18. Nf3 Qc7 19. Rfc1 Ne4 20. Nd4 g6 21.
bxc6 bxc6 22. Qa6 Rac8 23. Rc2 Qd7 24. Rb1 Rc7 25. f3 Ng5 26. Rcb2 Ne6 27. Nxe6
fxe6 28. Rb7 Rdc8 29. Qxa7 e5 30. Rxc7 Rxc7 31. Qb8+ Kg7 32. a5 d4 33. a6 Kh6
34. Qf8+ Kh5 35. Qf6 Qd5 36. Qd6 Ra7 37. Qxd5 cxd5 38. exd4 Rxa6 39. dxe5 Rc6
40. Rc1 Kg5 41. g3 Kf5 42. f4 g5 43. fxg5 Kxg5 44. Kf2 Kf5 45. Ke3 Kxe5 46. Kd3
Rc8 47. Re1+ Kf6 48. Kd4 Rd8 49. c6 h6 50. Kc5 d4 51. c7 1-0

[Event "VL 2017/18"]
[Site "Mecklenburg-Vorpommern"]
[Date "2018.02.25"]
[Round "6.8"]
[White "Wagner, Bernd"]
[Black "Hantel, Thomas"]
[Result "1/2-1/2"]
[WhiteElo "1771"]
[BlackElo "1626"]
[PlyCount "32"]
[EventDate "2017.??.??"]
[EventType "team-tourn"]
[EventRounds "9"]
[SourceDate "2017.10.08"]
[WhiteTeam "ASV Wismar"]
[BlackTeam "HSG Uni Rostock"]

1. d4 d5 2. c4 e6 3. Nc3 Nf6 4. Bf4 Bd6 5. Bg3 O-O 6. e3 b6 7. Bd3 Bb7 8. f3
Bxg3+ 9. hxg3 Qd6 10. Nge2 Nbd7 11. Qc2 g6 12. O-O e5 13. cxd5 Nxd5 14. Nxd5
Bxd5 15. e4 Bb7 16. d5 c6 1/2-1/2

[Event "VL 2017/18"]
[Site "Mecklenburg-Vorpommern"]
[Date "2018.03.18"]
[Round "7.1"]
[White "Waschk, Armin"]
[Black "Moeller, Peter"]
[Result "0-1"]
[WhiteElo "2117"]
[BlackElo "2025"]
[PlyCount "94"]
[EventDate "2017.??.??"]
[EventType "team-tourn"]
[EventRounds "9"]
[SourceDate "2017.10.08"]
[WhiteTeam "SG Guestrow/Teterow"]
[BlackTeam "HSG Uni Rostock"]

1. e4 g6 2. d4 Bg7 3. Nc3 c5 4. dxc5 Bxc3+ 5. bxc3 Nf6 6. e5 Ne4 7. Qd4 Qa5 8.
e6 f6 9. Bb2 Nxc5 10. exd7+ Bxd7 11. Qb4 {(=)} Nc6 12. Qxa5 Nxa5 13. O-O-O Ne4
14. Rxd7 Kxd7 15. Nh3 Nd6 16. Be2 Nac4 17. Ba1 e5 18. Rd1 Ke7 19. Re1 Rac8 20.
Nf4 Kf7 21. Nd5 Rc5 22. Rd1 Ke6 23. Nb4 e4 24. Re1 a5 25. Bxc4+ Rxc4 26. Nd3
Kf7 27. Nf4 g5 28. Nd5 Ke6 29. Ne3 Ra4 30. Kb2 Nc4+ 31. Kb3 b5 32. Nxc4 Rxc4
33. Bb2 Rhc8 34. Re2 f5 35. f3 Ke5 36. a3 g4 37. fxg4 fxg4 38. g3 h5 39. Re3
a4+ 40. Ka2 Rf8 41. Re2 Rf3 42. Bc1 Kf5 43. Bd2 e3 44. Be1 Ke4 45. Kb2 Rc5 46.
Bd2 Rd5 47. Bc1 Rd1 0-1

[Event "VL 2017/18"]
[Site "Mecklenburg-Vorpommern"]
[Date "2018.03.18"]
[Round "7.2"]
[White "Hammel, Ralf"]
[Black "Dettmann, Gerd"]
[Result "0-1"]
[WhiteElo "1917"]
[BlackElo "2107"]
[PlyCount "124"]
[EventDate "2017.??.??"]
[EventType "team-tourn"]
[EventRounds "9"]
[SourceDate "2017.10.08"]
[WhiteTeam "HSG Uni Rostock"]
[BlackTeam "SG Guestrow/Teterow"]

1. e4 c5 2. Nf3 d6 3. d4 cxd4 4. Qxd4 Nc6 5. Bb5 Bd7 6. Bxc6 bxc6 7. c4 Qb6 8.
Qd3 g6 9. O-O Bg7 10. Nc3 Nf6 11. Rb1 O-O 12. Be3 Qc7 13. h3 {(=)} Rfd8 14.
Rbc1 Be8 15. Rfd1 Qa5 16. Qd2 Qh5 17. e5 Nd7 18. exd6 Ne5 19. Nxe5 Bxe5 20. c5
exd6 21. f4 Bxc3 22. Rxc3 d5 23. Bd4 Bd7 24. Re1 Re8 25. Rce3 Qh4 26. Bc3 f6
27. Qd4 Rxe3 28. Rxe3 Rf8 29. Re7 Bf5 30. Be1 Qh6 31. Rxa7 Be4 32. Qe3 Qh5 33.
Rc7 Qd1 34. Qd2 Qb1 35. a4 Re8 36. a5 Bd3 37. Kh2 Rxe1 38. f5 Bxf5 39. Rxc6
Rh1+ 40. Kg3 Qe4 41. Rd6 Qe5+ 42. Qf4 Ra1 43. Qxe5 fxe5 44. Rxd5 Rxa5 45. Rxe5
Rb5 46. Kf4 Kf7 47. g4 Be6 48. c6 Rxb2 49. Rc5 Rh2 50. c7 Bc8 51. Rc3 h6 52.
Kg3 Re2 53. Kf3 Re6 54. Kf4 Ke7 55. h4 Rb6 56. Rc4 Kd6 57. Ke4 Rb5 58. Kf4 Rd5
59. Ke4 Re5+ 60. Kd4 Re7 61. h5 g5 62. Rc5 Rxc7 0-1

[Event "VL 2017/18"]
[Site "Mecklenburg-Vorpommern"]
[Date "2018.03.18"]
[Round "7.3"]
[White "Fidorra, Thomas"]
[Black "Ivanov, Sergey"]
[Result "1-0"]
[WhiteElo "2014"]
[BlackElo "1833"]
[PlyCount "81"]
[EventDate "2017.??.??"]
[EventType "team-tourn"]
[EventRounds "9"]
[SourceDate "2017.10.08"]
[WhiteTeam "SG Guestrow/Teterow"]
[BlackTeam "HSG Uni Rostock"]

1. e4 c5 2. Nf3 g6 3. c4 Nc6 4. d4 cxd4 5. Nxd4 Nf6 6. Nc3 d6 7. Be2 Nxd4 8.
Qxd4 Bg7 9. Be3 O-O 10. Qd2 Qa5 11. O-O Be6 12. Rac1 Rfc8 13. b3 a6 14. f3 b5
15. Nd5 Qxd2 16. Bxd2 Nxd5 17. cxd5 Bd7 {(=)} 18. Kf2 Bb2 19. Rxc8+ Rxc8 20.
Bd3 Kg7 21. Ke3 f5 22. Rb1 Bc3 23. Bxc3+ Rxc3 24. Kd4 Rc8 25. Ra1 a5 26. a4 Rb8
27. b4 axb4 28. a5 e5+ 29. dxe6 Bxe6 30. a6 b3 31. Kc3 b4+ 32. Kb2 fxe4 33. a7
Ra8 34. fxe4 Bd7 35. Bc4 Bc6 36. Bd5 Bxd5 37. exd5 Kf7 38. Kxb3 Ke7 39. Kxb4
Kd7 40. Kb5 Kc7 41. Ka6 1-0

[Event "VL 2017/18"]
[Site "Mecklenburg-Vorpommern"]
[Date "2018.03.18"]
[Round "7.4"]
[White "Schwetlick, Thomas"]
[Black "Luther, Alexander"]
[Result "1/2-1/2"]
[WhiteElo "1815"]
[BlackElo "1973"]
[PlyCount "27"]
[EventDate "2017.??.??"]
[EventType "team-tourn"]
[EventRounds "9"]
[SourceDate "2017.10.08"]
[WhiteTeam "HSG Uni Rostock"]
[BlackTeam "SG Guestrow/Teterow"]

1. e4 c5 2. Nf3 d6 3. d4 cxd4 4. Nxd4 Nf6 5. Nc3 a6 6. Be3 e6 7. Be2 b5 8. Bf3
e5 9. Nf5 d5 10. Bg5 d4 11. Nd5 Qa5+ 12. Bd2 Qd8 13. Bg5 Qa5+ 14. Bd2 1/2-1/2

[Event "VL 2017/18"]
[Site "Mecklenburg-Vorpommern"]
[Date "2018.03.18"]
[Round "7.5"]
[White "Dettmann, Holger"]
[Black "Sager, Bernd"]
[Result "1-0"]
[WhiteElo "1915"]
[BlackElo "1818"]
[PlyCount "83"]
[EventDate "2017.??.??"]
[EventType "team-tourn"]
[EventRounds "9"]
[SourceDate "2017.10.08"]
[WhiteTeam "SG Guestrow/Teterow"]
[BlackTeam "HSG Uni Rostock"]

1. d4 d5 2. Bf4 e6 3. e3 c5 4. c3 Nc6 5. Nf3 Nf6 6. Be2 Be7 7. Ne5 O-O 8. O-O
Qb6 9. Qb3 Na5 10. Qxb6 axb6 11. Nd2 Nc6 12. a3 Nxe5 13. Bxe5 Ne8 14. e4 f6 15.
Bg3 dxe4 16. Nc4 Bd8 17. dxc5 bxc5 18. Rad1 Bc7 19. Bxc7 Nxc7 20. Nb6 Rb8 21.
f3 f5 22. fxe4 fxe4 23. Rxf8+ Kxf8 24. Rd8+ Ke7 25. Rxc8 Rxc8 26. Nxc8+ Kd7 27.
Nb6+ Kc6 28. Nc4 b5 29. Ne3 c4 30. Kf2 Na6 31. Nc2 Nc5 32. Ke3 Na4 33. Nd4+ Kb6
34. Nxe6 Nxb2 35. Kxe4 Ka5 36. Kd4 Ka4 37. Nc7 h6 38. g4 g5 39. h3 Ka5 40. Ne8
Ka4 41. Nd6 Ka5 42. Bxc4 1-0

[Event "VL 2017/18"]
[Site "Mecklenburg-Vorpommern"]
[Date "2018.03.18"]
[Round "7.6"]
[White "Schroeder, Christian"]
[Black "Kiel, Bernd"]
[Result "0-1"]
[WhiteElo "1741"]
[BlackElo "1892"]
[PlyCount "68"]
[EventDate "2017.??.??"]
[EventType "team-tourn"]
[EventRounds "9"]
[SourceDate "2017.10.08"]
[WhiteTeam "HSG Uni Rostock"]
[BlackTeam "SG Guestrow/Teterow"]

1. Nf3 Nf6 2. c4 g6 3. d4 Bg7 4. Nc3 d5 5. e3 O-O 6. Qb3 dxc4 7. Bxc4 Nc6 8.
Bb5 Na5 9. Qa4 c6 10. Be2 b5 11. Qb4 Nb7 12. Ne5 a5 13. Qb3 Qd6 14. O-O Be6 15.
Qc2 Rac8 16. b3 b4 17. Na4 c5 18. Nc4 Bxc4 19. Bxc4 cxd4 20. exd4 Ng4 21. g3
Bxd4 22. Bb2 Bxb2 23. Qxb2 Ne5 24. Be2 Rfd8 25. Rad1 Qe6 26. Rde1 Qf5 27. Rc1
Nf3+ 28. Bxf3 Qxf3 29. Rxc8 Rxc8 30. Rc1 Rxc1+ 31. Qxc1 Nd6 32. Qc2 Ne4 33. Nb2
Ng5 34. Qd1 Nh3+ 0-1

[Event "VL 2017/18"]
[Site "Mecklenburg-Vorpommern"]
[Date "2018.03.18"]
[Round "7.7"]
[White "Ramp, Oliver"]
[Black "Hantel, Thomas"]
[Result "1/2-1/2"]
[WhiteElo "1811"]
[BlackElo "1626"]
[PlyCount "120"]
[EventDate "2017.??.??"]
[EventType "team-tourn"]
[EventRounds "9"]
[SourceDate "2017.10.08"]
[WhiteTeam "SG Guestrow/Teterow"]
[BlackTeam "HSG Uni Rostock"]

1. e4 c5 2. Nf3 d6 3. Bb5+ Bd7 4. Bxd7+ Qxd7 5. c4 Nc6 6. d4 cxd4 7. Nxd4 Nf6
8. Nc3 g6 9. f3 Bg7 10. Be3 O-O 11. O-O Rfc8 12. b3 b6 13. Qd2 Qb7 14. Rac1 a6
15. Rfd1 Nxd4 16. Bxd4 b5 17. cxb5 axb5 18. Kh1 b4 19. Na4 Nd7 20. h3 Bxd4 21.
Qxd4 Nc5 22. Rc4 Nxa4 23. Rxb4 Qc6 24. bxa4 Qc3 25. Rb7 Qxd4 26. Rxd4 Kf8 27.
Rb3 Rc2 28. a3 Ra2 29. Rdb4 Kg7 30. Rb7 Kf6 31. Rc7 Rxa4 32. Rbb7 R4xa3 33.
Rxe7 Rf2 34. Rxf7+ Kg5 35. h4+ Kxh4 36. Rxh7+ Kg3 37. Rh3+ Kf4 38. Kh2 Raa2 39.
Rh4+ Ke3 40. Rg4 Kd4 41. Rf7 d5 42. exd5+ Kxd5 43. Rxg6 Ke5 44. Rg4 Ke6 45. Rf8
Ke7 46. Rff4 Ke6 47. Ra4 Rxg2+ {(=)} 48. Kh3 Rh2+ 49. Kg3 Rhg2+ 50. Kh4 Rxa4
51. Rxa4 Kf5 {(=)} 52. Rg4 Rxg4+ 53. fxg4+ Kg6 54. g5 Kg7 55. Kh5 Kh7 56. g6+
Kg7 57. Kg5 Kg8 58. Kf6 Kf8 59. Ke6 Kg7 60. Kf5 Kg8 1/2-1/2

[Event "VL 2017/18"]
[Site "Mecklenburg-Vorpommern"]
[Date "2018.03.18"]
[Round "7.1"]
[White "Kliewe, Hans Juergen"]
[Black "Westphal, Wolfgang"]
[Result "0-1"]
[WhiteElo "2004"]
[BlackElo "2131"]
[PlyCount "62"]
[EventDate "2017.??.??"]
[EventType "team-tourn"]
[EventRounds "9"]
[SourceDate "2017.10.08"]
[WhiteTeam "ASV Wismar"]
[BlackTeam "SF Schwerin II"]

1. d4 e6 2. Nf3 c5 3. c3 Nc6 4. g3 Nf6 5. Bg2 Be7 6. O-O O-O 7. Re1 d5 8. Nbd2
cxd4 9. cxd4 Ne4 10. e3 f5 11. Nb3 Bd7 12. a3 Qb6 13. Bd2 a5 14. Rb1 a4 15. Na1
Rfc8 16. b4 Na7 17. Ne5 Be8 18. f3 Nc3 19. Bxc3 Rxc3 20. Qd2 Rac8 21. Bf1 Nb5
22. Nd3 Nxa3 23. Rb2 R3c7 24. Nc5 Nc4 25. Bxc4 dxc4 26. Rc1 Qc6 27. b5 Qxf3 28.
Nxa4 Bg5 29. Rc3 Ra8 30. Rb4 Be7 31. Rbxc4 Rxc4 0-1

[Event "VL 2017/18"]
[Site "Mecklenburg-Vorpommern"]
[Date "2018.03.18"]
[Round "7.2"]
[White "Roehl, Rainer"]
[Black "Littke, Helmut"]
[Result "1/2-1/2"]
[WhiteElo "2056"]
[BlackElo "1949"]
[PlyCount "51"]
[EventDate "2017.??.??"]
[EventType "team-tourn"]
[EventRounds "9"]
[SourceDate "2017.10.08"]
[WhiteTeam "SF Schwerin II"]
[BlackTeam "ASV Wismar"]

1. d4 Nf6 2. Bf4 d5 3. e3 Bf5 4. c4 c6 5. Qb3 Qb6 6. c5 Qxb3 7. axb3 Nbd7 8.
Nd2 Ne4 9. Ngf3 f6 10. Nxe4 Bxe4 11. b4 g5 12. Bg3 h5 13. h4 e5 14. hxg5 Bxf3
15. gxf3 exd4 16. gxf6 dxe3 17. fxe3 Nxf6 18. Be5 Rh6 19. Bd3 Nd7 20. Bf4 Rh8
21. Bg6+ Kd8 22. O-O-O a5 23. e4 Bh6 24. Bxh6 Rxh6 25. Rxh5 Rxh5 26. Bxh5
1/2-1/2

[Event "VL 2017/18"]
[Site "Mecklenburg-Vorpommern"]
[Date "2018.03.18"]
[Round "7.3"]
[White "Junggebauer, Thomas"]
[Black "Wagner, Ralph"]
[Result "0-1"]
[WhiteElo "1888"]
[BlackElo "2049"]
[PlyCount "114"]
[EventDate "2017.??.??"]
[EventType "team-tourn"]
[EventRounds "9"]
[SourceDate "2017.10.08"]
[WhiteTeam "ASV Wismar"]
[BlackTeam "SF Schwerin II"]

1. e4 e6 2. d4 d5 3. Nd2 Nf6 4. Bd3 c5 5. exd5 Qxd5 6. Ngf3 Nc6 7. Bc4 Qd6 8.
O-O cxd4 9. Nb3 Bd7 10. Re1 Be7 11. Nbxd4 Nxd4 12. Qxd4 Qxd4 13. Nxd4 Rc8 14.
Bd3 O-O 15. Bf4 Bc5 16. Nb3 Bb6 17. c4 Ba4 18. c5 Bc7 19. Bg5 Bd8 20. Rac1 Be7
21. Be3 Rfd8 22. Be2 Nd5 23. Bf3 Bxb3 24. axb3 Nxe3 25. fxe3 Bxc5 26. Rc3 Bb6
27. Rxc8 Rxc8 28. Kf2 Rc2+ 29. Be2 Rxb2 30. Rc1 Kf8 31. Rc3 Ke7 32. Kf3 Rd2 33.
Bd3 Ba5 34. b4 Bxb4 35. Rc7+ Kf6 36. Bxh7 g6 37. Rxb7 a5 38. Bg8 Be7 39. g4
Rxh2 40. g5+ Kg7 41. Rxe7 Kxg8 42. Ra7 Ra2 43. Ke4 Kg7 44. Ke5 Rf2 45. e4 Rg2
46. Kf4 Ra2 47. Ke5 a4 48. Ra8 Ra1 49. Ra7 a3 50. Ra6 a2 51. Ra7 Rg1 52. Rxa2
Rxg5+ 53. Kf4 f6 54. Ra6 e5+ 55. Kf3 Rg1 56. Kf2 Rg4 57. Kf3 Rf4+ 0-1

[Event "VL 2017/18"]
[Site "Mecklenburg-Vorpommern"]
[Date "2018.03.18"]
[Round "7.4"]
[White "Hasselmann, Dieter"]
[Black "Schulz, Bernd"]
[Result "1-0"]
[WhiteElo "2045"]
[BlackElo "1851"]
[PlyCount "120"]
[EventDate "2017.??.??"]
[EventType "team-tourn"]
[EventRounds "9"]
[SourceDate "2017.10.08"]
[WhiteTeam "SF Schwerin II"]
[BlackTeam "ASV Wismar"]

1. e4 e5 2. Bc4 Nf6 3. d3 Nc6 4. Nc3 h6 5. Be3 Bb4 6. Nge2 d5 7. exd5 Nxd5 8.
O-O Nxe3 9. fxe3 O-O 10. Ng3 Na5 11. Bb3 Nxb3 12. axb3 Bc5 13. Qf3 c6 14. Na4
Be7 15. Nf5 Bxf5 16. Qxf5 Bd6 17. Rae1 Qc8 18. e4 Qxf5 19. exf5 f6 20. Re4 Rad8
21. g4 Rd7 22. Kg2 Rfd8 23. Ra1 Be7 24. Nc3 Bc5 25. Ne2 Bb6 26. Kf3 Kf7 27. h4
Rd5 28. Rea4 R5d7 29. Ng3 Rd4 30. Rxd4 Bxd4 31. Ne4 a6 32. c3 Bb6 33. Ke2 Rd5
34. Ra4 Ke7 35. Rb4 Rb5 36. Rxb5 axb5 37. b4 Ba7 38. b3 Bb6 39. Kf3 Ba7 40. Ng3
Kf7 41. c4 Ke7 42. Ne2 bxc4 43. bxc4 Kd6 44. Ng3 Ke7 45. Ne4 Bd4 46. g5 fxg5
47. hxg5 hxg5 48. Kg4 Be3 49. Nxg5 Bxg5 50. Kxg5 Kf7 51. c5 Ke7 52. Kg6 Kf8 53.
f6 gxf6 54. Kxf6 Ke8 55. Kxe5 Ke7 56. d4 Kd7 57. Kf6 Ke8 58. Ke6 Kd8 59. Kd6
Ke8 60. Kc7 b5 1-0

[Event "VL 2017/18"]
[Site "Mecklenburg-Vorpommern"]
[Date "2018.03.18"]
[Round "7.5"]
[White "Podolskiy, Alexander"]
[Black "Wandel, Bernd"]
[Result "0-1"]
[WhiteElo "1847"]
[BlackElo "2009"]
[PlyCount "45"]
[EventDate "2017.??.??"]
[EventType "team-tourn"]
[EventRounds "9"]
[SourceDate "2017.10.08"]
[WhiteTeam "ASV Wismar"]
[BlackTeam "SF Schwerin II"]

1. e4 c6 2. d4 d5 3. exd5 cxd5 4. c4 Nf6 5. Nc3 e6 6. Nf3 Be7 7. Bf4 O-O 8. c5
b6 9. b4 Ne4 10. Nxe4 dxe4 11. Ne5 f6 12. Nc4 Nc6 13. Nd6 g5 14. Bg3 f5 15. b5
bxc5 16. Nxc8 Rxc8 17. bxc6 f4 18. Bc4 Qa5+ 19. Qd2 Qxd2+ 20. Kxd2 Rxc6 21.
dxc5 Bxc5 22. Bb3 fxg3 23. f3 0-1

[Event "VL 2017/18"]
[Site "Mecklenburg-Vorpommern"]
[Date "2018.03.18"]
[Round "7.6"]
[White "Rabinowitsch, Juri"]
[Black "Wagner, Bernd"]
[Result "1/2-1/2"]
[WhiteElo "1866"]
[BlackElo "1771"]
[PlyCount "36"]
[EventDate "2017.??.??"]
[EventType "team-tourn"]
[EventRounds "9"]
[SourceDate "2017.10.08"]
[WhiteTeam "SF Schwerin II"]
[BlackTeam "ASV Wismar"]

1. e4 c6 2. d4 d5 3. Nc3 dxe4 4. Nxe4 Nf6 5. Nxf6+ gxf6 6. Bf4 Bf5 7. Nf3 e6 8.
Bd3 Bxd3 9. Qxd3 h6 10. O-O-O Bd6 11. Be3 Qa5 12. Kb1 Nd7 13. Rhe1 O-O-O 14. g3
Kb8 15. Nd2 Qh5 16. Nc4 Bc7 17. Qa3 Nb6 18. Nxb6 axb6 1/2-1/2

[Event "VL 2017/18"]
[Site "Mecklenburg-Vorpommern"]
[Date "2018.03.18"]
[Round "7.7"]
[White "Noelter, Gerd"]
[Black "Helms, Sven"]
[Result "0-1"]
[WhiteElo "1672"]
[BlackElo "1884"]
[PlyCount "72"]
[EventDate "2017.??.??"]
[EventType "team-tourn"]
[EventRounds "9"]
[SourceDate "2017.10.08"]
[WhiteTeam "ASV Wismar"]
[BlackTeam "SF Schwerin II"]

1. d4 Nf6 2. Nf3 e6 3. c3 c5 4. e3 d5 5. Bd3 Be7 6. Ne5 Nbd7 7. f4 O-O 8. Nd2
Qc7 9. O-O b6 10. Ndf3 Bb7 11. Nxd7 Qxd7 12. Bd2 Ne4 13. Be1 Rac8 14. Qe2 f6
15. Qd1 c4 16. Bc2 b5 17. a3 a5 18. g3 Bc6 19. Kg2 Qb7 20. Qb1 b4 21. Nd2 bxc3
22. Nxe4 cxb2 23. Ra2 dxe4 24. Bxa5 c3 25. Bxc3 Bb5 26. Rf2 Rxc3 27. Rxb2 Rb8
28. Ba4 Qd5 29. Bxb5 Bxa3 30. Ba4 Rxb2 31. Rxb2 Bxb2 32. Qxb2 Rc8 33. g4 Ra8
34. Qc2 Rb8 35. h4 Qb7 36. Qc5 Qb4 0-1

[Event "VL 2017/18"]
[Site "Mecklenburg-Vorpommern"]
[Date "2018.03.18"]
[Round "7.8"]
[White "Zeeck, Detlef"]
[Black "Schmidtke, Wilfried"]
[Result "1-0"]
[WhiteElo "1668"]
[BlackElo "1594"]
[PlyCount "47"]
[EventDate "2017.??.??"]
[EventType "team-tourn"]
[EventRounds "9"]
[SourceDate "2017.10.08"]
[WhiteTeam "SF Schwerin II"]
[BlackTeam "ASV Wismar"]

1. d4 Nf6 2. Bf4 e6 3. e3 c5 4. c3 Nc6 5. Nd2 b6 6. Ngf3 Bb7 7. Bd3 d6 8. Qe2
Be7 9. h3 O-O 10. O-O h6 11. Rfd1 cxd4 12. exd4 Rc8 13. Rac1 d5 14. Ne5 Nxe5
15. dxe5 Nh7 16. Bh2 Kh8 17. Bb1 Qd7 18. f4 Qa4 19. f5 Ba6 20. Qh5 Bc5+ 21. Kh1
Qd7 22. fxe6 Qxe6 23. Bf5 Qxe5 24. Bxe5 1-0

[Event "VL 2017/18"]
[Site "Mecklenburg-Vorpommern"]
[Date "2018.03.18"]
[Round "7.1"]
[White "Rossmann, Andreas"]
[Black "Mangold, Thomas"]
[Result "0-1"]
[WhiteElo "1942"]
[BlackElo "2002"]
[PlyCount "60"]
[EventDate "2017.??.??"]
[EventType "team-tourn"]
[EventRounds "9"]
[SourceDate "2017.10.08"]
[WhiteTeam "SG Neubrandenburg"]
[BlackTeam "SSC Rostock 07"]

1. Nf3 Nf6 2. g3 g6 3. Bg2 Bg7 4. O-O O-O 5. d4 c5 6. d5 d6 7. c4 b5 8. cxb5 a6
9. Nc3 axb5 10. Nxb5 Ba6 11. Nc3 Nbd7 12. Re1 Qb6 13. e4 Ng4 14. Bf1 c4 15. Qc2
Rfb8 16. Re2 Nde5 17. Nxe5 Nxe5 18. Be3 Qb4 19. Rd1 Bc8 20. h3 Nd3 21. Rdd2 Qa5
22. Nd1 Qxa2 23. Kg2 Bd7 24. Nc3 Qa5 25. Nd1 Qb4 26. f4 Ra1 27. Nc3 Rc1 28. Na2
Rxc2 29. Nxb4 Rxd2 30. Rxd2 Rxb4 0-1

[Event "VL 2017/18"]
[Site "Mecklenburg-Vorpommern"]
[Date "2018.03.18"]
[Round "7.2"]
[White "Pererva, Viktor"]
[Black "Hartung, Lothar"]
[Result "1-0"]
[WhiteElo "2022"]
[BlackElo "1777"]
[PlyCount "99"]
[EventDate "2017.??.??"]
[EventType "team-tourn"]
[EventRounds "9"]
[SourceDate "2017.10.08"]
[WhiteTeam "SSC Rostock 07"]
[BlackTeam "SG Neubrandenburg"]

1. d4 d5 2. c4 e6 3. Nc3 c5 4. cxd5 exd5 5. Nf3 Nc6 6. g3 Nf6 7. Bg2 Be7 8. O-O
O-O 9. b3 Bg4 10. dxc5 Bxc5 11. Bb2 a6 12. h3 Be6 13. Rc1 Ba7 14. e3 h6 15. Ne2
Qd7 16. Kh2 Rac8 17. Ned4 Nxd4 18. Bxd4 Rxc1 19. Qxc1 Rc8 20. Qb2 Bxd4 21. Nxd4
Qd6 22. Rc1 Rxc1 23. Qxc1 Bd7 24. Qc2 g6 25. Bf3 h5 26. h4 Kg7 27. Kg2 Kh6 28.
Qc3 Kg7 29. Ne2 Kh7 30. Qd4 Bg4 31. Bxg4 hxg4 32. Nf4 Kg8 33. a4 Kh7 34. a5 Kg8
35. b4 Kh7 36. Kg1 Kg8 37. Kh2 Kf8 38. Kg2 Ke7 39. Nd3 Kd7 40. Ne5+ Ke7 41.
Nxg4 Ne4 42. Ne5 Ke6 43. Nd3 Ke7 44. Nc5 Qc6 45. Qe5+ Kf8 46. Nxe4 dxe4 47.
Qc5+ Kg7 48. Qxc6 bxc6 49. g4 f5 50. gxf5 1-0

[Event "VL 2017/18"]
[Site "Mecklenburg-Vorpommern"]
[Date "2018.03.18"]
[Round "7.3"]
[White "Stoevesand, Peter"]
[Black "Tin, Sergey"]
[Result "1-0"]
[WhiteElo "1901"]
[BlackElo "2034"]
[PlyCount "97"]
[EventDate "2017.??.??"]
[EventType "team-tourn"]
[EventRounds "9"]
[SourceDate "2017.10.08"]
[WhiteTeam "SG Neubrandenburg"]
[BlackTeam "SSC Rostock 07"]

1. e4 e5 2. Nf3 Nc6 3. Bb5 a6 4. Ba4 Nf6 5. O-O Be7 6. Re1 b5 7. Bb3 O-O 8. d3
d6 9. c3 Na5 10. Bc2 c5 11. Nbd2 Ne8 12. Nf1 f5 13. d4 fxe4 14. dxc5 Bb7 15.
cxd6 exf3 16. dxe7 Qxe7 17. Be4 Bxe4 18. Rxe4 Rd8 19. Qc2 fxg2 20. Ng3 Nd6 21.
Re2 Nac4 22. b3 Nb6 23. Ba3 Nd5 24. Ne4 Nf4 25. Re3 Qe6 26. Bxd6 Rxd6 27. Nxd6
Qxd6 28. Rae1 Qe6 29. Qe4 Nh3+ 30. Rxh3 Qxh3 31. Qd5+ Kh8 32. Qxe5 Qf3 33. Re2
h5 34. c4 bxc4 35. bxc4 h4 36. Qe4 h3 37. c5 Rb8 38. Qh4+ Kg8 39. Qc4+ Kf8 40.
Re1 Rb2 41. Qd4 Qf6 42. Qe3 g5 43. c6 Rc2 44. c7 Rxc7 45. Qxh3 Rc2 46. Qa3+ Kg7
47. Re7+ Kh8 48. Qh3+ Kg8 49. Re8+ 1-0

[Event "VL 2017/18"]
[Site "Mecklenburg-Vorpommern"]
[Date "2018.03.18"]
[Round "7.4"]
[White "Heinicke, Wenke"]
[Black "Baier, Karsten"]
[Result "0-1"]
[WhiteElo "1889"]
[BlackElo "1868"]
[PlyCount "114"]
[EventDate "2017.??.??"]
[EventType "team-tourn"]
[EventRounds "9"]
[SourceDate "2017.10.08"]
[WhiteTeam "SSC Rostock 07"]
[BlackTeam "SG Neubrandenburg"]

1. d4 Nf6 2. c4 g6 3. Nc3 Bg7 4. e4 d6 5. f3 O-O 6. Bg5 Nbd7 7. Qd2 c5 8. d5 a6
9. Nh3 Rb8 10. Be2 Qa5 11. a4 Nb6 12. Nf2 Qb4 13. Ncd1 Qxd2+ 14. Bxd2 e6 15. a5
Nbd7 16. O-O Ne8 17. Ra2 Bd4 18. Kh1 Ng7 19. Nd3 f5 20. b4 fxe4 21. fxe4 Rxf1+
22. Bxf1 Nf6 23. N1f2 b6 24. g3 exd5 25. exd5 b5 26. Bf4 bxc4 27. Bxd6 Rb5 28.
Nxc5 Rxb4 29. Nce4 Rb1 30. Nxf6+ Bxf6 31. Kg2 Nf5 32. Bf4 c3 33. Bd3 Rb2 34.
Rxb2 cxb2 35. Ne4 Bd4 36. d6 Kf8 37. Kf3 Ke8 38. Ke2 Be6 39. Nd2 Ba2 40. g4 Ng7
41. Kd1 Ne6 42. Bg3 Nc5 43. Bb1 Be6 44. h3 Nb7 45. Bd3 Nc5 46. Bb1 Kd7 47. Bc2
Kc6 48. Nf3 Bc3 49. Bb1 Bb3+ 50. Ke2 Bd5 51. Ne5+ Kxd6 52. Nxg6+ Kd7 53. Ne5+
Ke7 54. Nd3 Be4 55. Bh4+ Kf8 56. Nxc5 Bxb1 57. Na4 Bd3+ 0-1